Desarrollo, desigualdades y conflictos sociales : (Record no. 21487)

000 -CABECERA
fixed length control field 02188nam a22003257a 4500
003 - IDENTIFICADOR DEL NÚMERO DE CONTROL
control field AR-CdUCM
008 - DATOS DE LONGITUD FIJA--INFORMACIÓN GENERAL
fixed length control field 190220b ||||| |||| 00| 0 spa d
020 ## - NÚMERO INTERNACIONAL ESTÁNDAR DEL LIBRO
ISBN 9789972513145
040 ## - FUENTE DE LA CATALOGACIÓN
Agencia/entidad que catalogó originalmente la obra MUNICIPALIDAD PROVINCIAL DEL CUSCO
Entidad que transcribió la catalogación BIBLIOTECA MUNICIPAL DEL CUSCO
082 ## - NÚMERO DE LA CLASIFICACIÓN DECIMAL DEWEY
No. de Clasificación 305.098/C93
Notacion interna C93
100 ## - ENTRADA PRINCIPAL--NOMBRE DE PERSONA
Nombre Personal Cueto, Marcos
245 ## - MENCIÓN DE TÍTULO
Título Desarrollo, desigualdades y conflictos sociales :
Resto del título una perspectiva desde los países andinos /
Mención de responsabilidad Marcos Cueto y Adrián Lerner, editores.
260 ## - PUBLICACIÓN, DISTRIBUCIÓN, ETC.
Lugar de publicación, distribución, etc. Lima :
Nombre de la editorial, distribuidor, etc. Instituto de Estudios Peruanos, IEP,
Fecha de publicación, distribución, etc. 2011.
300 ## - DESCRIPCIÓN FÍSICA
Nº de Páginas Extensión 245 páginas. :
Otros detalles físicos ilustraciones ;
Dimensiones 23 cm.
440 ## - MENCIÓN DE SERIE/PUNTO DE ACCESO ADICIONAL--TÍTULO
Título Serie Estudios sobre Desigualdad,
Número de la parte/sección de una obra 01.
9 (RLIN) 45012
500 ## - NOTA GENERAL
Bibliografía Bibliografía: p. [223]-241.
505 ## - NOTA DE CONTENIDO CON FORMATO
Nota de contenido formateada Contenido: Presentación / Marcos Cueto y Adrían Lerner -- Discriminación, desigualdad y territorio : nuevas y viejas jerarquías en definición (Perú) / Patricia Ames -- Tecnócratas y egresados de universidades estadounidenses : el saber económico en la construcción neoliberal en Colombia / Consuelo Uribe -- Ciudad, seguridad y racismo (Quito) / Eduardo Kingman -- Clivajes sociales y clivajes políticos (Bolivia) / Luis Tapia -- Las luchas territoriales en Ecuador y Bolivia. Identidad, nación y estado / Felipe Burbano -- La arquitectura político-institucional de las desigualdades en Bolivia / Fernando Wanderley -- La conflictividad irresuelta. Movimientos sociales; percepciones de desigualdad y crisis de representación en el Perú / Anahí Durand -- Los actores sociales en Colombia, entre la violencia y el neoliberalismo el caso de sindicalismo / Mauricio Archila -- La crisis de inclusión en América Latina : cuatro vías para enfrentarla / Luis Reygadas.
650 ## - PUNTO DE ACCESO ADICIONAL DE MATERIA--TÉRMINO DE MATERIA
Descriptor Igualdad
9 (RLIN) 2595
650 ## - PUNTO DE ACCESO ADICIONAL DE MATERIA--TÉRMINO DE MATERIA
Descriptor Conflicto social
9 (RLIN) 45013
650 ## - PUNTO DE ACCESO ADICIONAL DE MATERIA--TÉRMINO DE MATERIA
Descriptor Desarrollo económico
9 (RLIN) 1696
650 ## - PUNTO DE ACCESO ADICIONAL DE MATERIA--TÉRMINO DE MATERIA
Descriptor Movimientos sociales
9 (RLIN) 1450
650 ## - PUNTO DE ACCESO ADICIONAL DE MATERIA--TÉRMINO DE MATERIA
Descriptor Región Andina
9 (RLIN) 15505
700 ## - PUNTO DE ACCESO ADICIONAL--NOMBRE DE PERSONA
Nombre Personal Lerner, Adrián [editor]
9 (RLIN) 45014
700 ## - PUNTO DE ACCESO ADICIONAL--NOMBRE DE PERSONA
Nombre Personal Ames Ramello, Patricia
9 (RLIN) 23924
700 ## - PUNTO DE ACCESO ADICIONAL--NOMBRE DE PERSONA
Nombre Personal Uribe Mallarino, Consuelo
9 (RLIN) 45015
700 ## - PUNTO DE ACCESO ADICIONAL--NOMBRE DE PERSONA
Nombre Personal Durand Guevara, Anahí
9 (RLIN) 45016
710 ## - PUNTO DE ACCESO ADICIONAL--NOMBRE DE ENTIDAD CORPORATIVA
Nombre corporativo (En letras Mayúsculas) Instituto de Estudios Peruanos (Lima)
9 (RLIN) 9759
942 ## - ELEMENTOS DE PUNTO DE ACCESO ADICIONAL (KOHA)
Fuente de clasificación
Tipo de item Libros-BMC
945 ## - PROCESAMIENTO DE INFORMACIÓN LOCAL (OCLC)
Catalogador Roel
Holdings
Estado de retiro (separado) Fuente de clasificación o esquema de estanterías Estado dañado Ubicación Sala donde se ubica Nombre de la colección Fecha de adquisición o compra Fuente de adquisición Costo, precio normal en soles Signatura topográfica Código de Barras Última vez visto (Koha) Tipo de ítem (Koha)
No     Sala Humanidades Sala Humanidades Book Cart 2020-09-14 Compra 50.00 305.098/C93 SH0000015861 2020-09-14 Libros-BMC
No     Sala Humanidades Sala Humanidades Book Cart 2020-09-14 Compra 50.00 305.098/C93/e.2 SH0000015862 2020-09-14 Libros-BMC

Powered by Koha